00763nam a2200205 4500001000700000003000900007005001700016007000300033008004100036100003100077245014000108250001300248260003800261300002200299700003300321700003000354852003200384999001900416952012200435108301ES-MaACL20230906184623.0t|061121s1968 sp r ||||1| spa d1 aMomigliano, Franco.98207914aLos fraudes de la productividad / cFranco Momigliano; prólogo de José M. Vegara; versión de José M. Vegara, José L. Rognoni. a1ª. ed. aBarcelona : bNova Terra, c1968. a425 p. ; c22 cm.1 aVegara, Josep Maria.91136371 aRognoni, José L.998963 aES-MaACLjC-34612 bR.67071 c108301d108301 00104070aATENEOMbATENEOMcDEPO2d2008-01-17eSCl0oC-34612p1113008r2023-02-23 00:00:00w2023-02-23yMONOGRAFIA